000 00446nam a22001697a 4500
003 macl
005 20160204124407.0
008 160204b xxu||||| |||| 00| 0 eng d
040 _cmacl
041 _aEnglish
082 _a621.3124/SAW
100 _aSawaint B.P
_936857
245 _aFundamentals Of Soil And Water Conservation Engineering
260 _aAgra
_bCurrent Publication
_c2010
650 _aEngineering
_936858
942 _2ddc
_cBK
999 _c53223
_d53223